| 000 | 00458nam a2200181Ia 4500 | ||
|---|---|---|---|
| 003 | OSt | ||
| 005 | 20240523154935.0 | ||
| 008 | 210210b1958 xxu||||| |||| 00| 0 eng d | ||
| 040 | _cAL | ||
| 041 | _aKan | ||
| 082 | _a859/1536 | ||
| 100 |
_aRAMAMURTI (M) _9155837 _dರಾಮಮೂರ್ತಿ (ಎಂ) |
||
| 245 |
_aApavada _bಅಪವಾದ |
||
| 260 |
_aBengaluru _b- _c1958 |
||
| 690 |
_aKannada Fiction _9155838 |
||
| 906 | _a022265 | ||
| 942 |
_2ddc _cBK |
||
| 999 |
_c146408 _d146408 |
||